Impacto ambiental y agua subterránea en zonas urbanas /
Na minha lista:
| Autor principal: | |
|---|---|
| Formato: | Texto |
| Assuntos: | |
| Tags: |
Adicionar Tag
Sem tags, seja o primeiro a adicionar uma tag!
|
MARC
| LEADER | 00000 a a2200000 04500 | ||
|---|---|---|---|
| 001 | 5377 | ||
| 003 | |||
| 040 | |||
| 100 | |a Romero Olivera, Dora Ascensión | ||
| 245 | |a Impacto ambiental y agua subterránea en zonas urbanas / |c Dora Ascensión Romero Olivera | ||
| 650 | |a URBANIZACION | ||
| 650 | |a EFECTOS SOBRE EL MEDIO AMBIENTE | ||
| 650 | |a ZONAS URBANAS | ||
| 650 | |a HIDROGEOLOGIA | ||
| 773 | |g número 339; páginas 58-63 | ||
| 999 | |c 22038 |d 22038 | ||
